Statistics for Every Cardi B song that hit the Billboard hot 100

Click here to take the quiz!

General Stats

  • This quiz has been taken 157 times
  • The average score is 8 of 17

Answer Stats

Peak Chart PositionYearSong% Correct
12017Bodak Yellow (Money Moves)
91%
82018I Like It
88%
112018Be Careful
65%
212018Drip
52%
282018Ring
51%
142018Bartier Cardi
51%
62017MotorSport
48%
232018I Do
45%
382018Get Up 10
40%
32018Finesse
39%
432018Bickenhead
36%
502018Thru Your Phone
36%
392018Best Life
34%
572018She Bad
34%
582018Money Bag
34%
42018No Limit
21%
522018La Modelo
13%

Score Distribution

Percentile by Number Answered

Percent of People with Each Score

Your Score History

You have not taken this quiz